000
00171nam a2200073Ia 4500
008
170524s9999 xx 000 0 und d
100
_a
KAZMI- SHH
245
0
_a
MARKETING MANAGEMENT
260
_b
EXCEL BOOKS
999
_c
8170
_d
8170